Coats of arms - France - Statistics

General Stats
  • This quiz has been taken 23 times
  • The average score is 9 of 24
Answer Stats
Picture Answer % Correct
Duchy of Bretagne (after 1316)
81%
Duchy of Normandy
81%
Duchy of Lorraine
76%
Duchy of Orleans (Capetian)
67%
Luxembourg
67%
Paris
67%
France (Royal domain)
62%
County of Provence (from Barcelona)
57%
Duchy of Anjou (Capetian)
57%
County of Champagne
52%
Dauphin of Viennois
52%
County of Flanders
48%
County of Toulouse
48%
Foix-Bearn
33%
Principality of Orange
19%
County of Burgundy
5%
Duchy of Burgundy
5%
Du Guesclin
5%
Chatillon
0%
Coucy
0%
Dreux (from Vermandois)
0%
Lusignan
0%
Montfort
0%
Montmorency
0%
No matching quizzes found
Score Distribution
Percent of People with Each Score
Percentile by Number Answered
Your Score History
You have not taken this quiz